| 000 | 01175nam a22002297a 4500 | ||
|---|---|---|---|
| 999 |
_c6633 _d6633 |
||
| 003 | AR-CdUCM | ||
| 008 | 190318b ||||| |||| 00| 0 sp d | ||
| 020 | _a84-7764-169-2 | ||
| 040 |
_aMUNICIPALIDAD PROVINCIAL DEL CUSCO _cBIBLIOTECA MUNICIPAL DEL CUSCO |
||
| 082 |
_a510./ _bOC15 |
||
| 110 |
_aOceano _918116 |
||
| 245 |
_aEl mundo de la matemática : _bCurso teórico - practico / |
||
| 260 |
_aEspaña : _bEdiciones Oceano, |
||
| 300 |
_a4 Volumenes ; _bIlustraciones, diagramas, cuadros, _c27 cm. |
||
| 505 | _aContenido : v.1: Historia de la matemática -- Matemática y computación -- Lenguaje simbólico -- Teoría de conjuntos -- Conjuntos especiales -- v.2: Números racionales -- Números decimales -- Polígono, triangulo -- Paralelogramo -- v.3 Factores mínimo común múltiplo -- Expresiones algebraicas -- Área y superficie -- Poliedros -- v.4: Radicación, raíz enésima de un numero -- Raíz de raíz -- Conjugado de un binomio -- Geometría analítica... | ||
| 650 |
_aMatemáticas _99398 |
||
| 650 |
_aGeometría _918656 |
||
| 650 |
_aNúmeros complejos _918657 |
||
| 710 |
_aGrupo editorial océano _918658 |
||
| 942 |
_2ddc _cLIBROS |
||
| 945 | _awnts | ||